00637nam a22001697a 4500003000400000005001700004008003800021040002500059245007000084260005700154300002200211500006100233590002900294942001400323952011300337999001700450OSt20201211123516.0201210b 1990 dr 00| 0 eng d aDO-SdBNPbspacBNPHU00aSan José, custodio del redentor : bEnciclica de Juan Pablo II. aLa Vega, República Dominicana : b[s. n.],c1990. a14 p. ; c21 cm.  aMeditada durante el mes o novena dedicados a San José. aInventariado, 2020 /LP  2ddccLBS1 00102ddc5171aBNPHUbPDcHDd2020-12-10eFamilia Reyes Duluc.l0p2020-0692r2020-12-10w2020-12-10yLBS1 c49272d49272